Brawl Stars: Belle Skins by Picture - Statistics

General Stats
  • This quiz has been taken 55 times
    13 since last reset
  • The average score is 7 of 8
Answer Stats
Picture Answer % Correct
True Gold Belle
100%
Coral Belle
90%
Ivy Belle
90%
True Silver Belle
90%
Beach Belle
80%
Belle Goldhand
80%
Dragoon Belle
80%
Knight Belle
80%
No matching quizzes found
Score Distribution
Percent of People with Each Score
Percentile by Number Answered
Your Score History
You have not taken this quiz since the last reset